Paroles Hatikvah - Statistiques

Statistiques générales
  • Ce quiz a été pris 23 fois
  • Le résultat moyen est 13 sur 26
Statistiques - réponses
Paroles % Correct
nefesh
79%
balevav
74%
yehudi
74%
od
68%
penimah
68%
tsion
68%
hatikvah
63%
bat
58%
erets
58%
Kol'od
58%
lo
58%
qadimah
58%
mizrah
53%
tiqvatenu
53%
homiyah
47%
shnot
47%
Yerushalayim
47%
letsion
42%
ulfa'atey
42%
alpayim
37%
ayin
37%
hofshi
37%
avdah
32%
tsofiyah
32%
beartsenu
26%
lihyot'am
21%
Aucun quiz correspondant
Distribution des résultats
% des personnes avec chaque résultat
Percentile par nombre de réponses
Votre historique - résultats
Vous n’avez pas pris ce quiz